Ley general de sociedades : ley 19.950 y sus modificaciones /

Guardado en:
Formato: Libro
Idioma:Undetermined
Publicado: Ciudad Autónoma de Buenos Aires : Erreius, 2024.
Edición:1a. ed.
Series:Separatas de legislación
Materias:
Etiquetas: Agregar Etiqueta
Sin Etiquetas, Sea el primero en etiquetar este registro!
LEADER 00541nam a22001695a 4500
001 DER.der015116
008 250210s2024####xx############000#0#und#d
005 20250210135818.0
245 1 0 |a Ley general de sociedades :  |b ley 19.950 y sus modificaciones /  |c Argentina. 
250 |a 1a. ed. 
260 |a Ciudad Autónoma de Buenos Aires :  |b Erreius,  |c 2024. 
300 |a 162 p. 
490 1 |a Separatas de legislación 
020 |a 9789877934762 
130 0 |a Argentina - Leyes 
650 7 |a DERECHO SOCIETARIO 
859 |a DERECHO  |b BIB. DERECHO  |h 340.56  |i ARG  |p 0010524